| 000 | 00978nam0a22002891 4500 | ||
|---|---|---|---|
| 001 | RU\NLR\A1SV\114274 | ||
| 005 | 20251203171251.9 | ||
| 035 | _a(NLR Aleph) 009795627 | ||
| 090 |
_a10154972 _c10154972 |
||
| 100 | _a20120609d1924 u y0rusy50 ca | ||
| 101 | 0 | _arus | |
| 102 | _aRU | ||
| 200 | 1 |
_aКраткий очерк истории Ц.Р.К. и его деятельности с 11 ноября 1922 г. по июль 1924 г. _fБ.Мойжес и С.Морозов |
|
| 210 |
_aСаратов _cКооп.-агр. изд-во _d1924 |
||
| 215 |
_a17 с., 12 л. диагр. _cтабл. _d22 см |
||
| 300 | _aБез тит. л. | ||
| 620 | _dСаратов | ||
| 702 | 1 |
_aМойжес _bБ. |
|
| 702 | 1 |
_aМорозов _bС. |
|
| 710 | 0 | 2 | _aСаратовский центральный рабочий кооператив |
| 801 | 0 |
_aRU _bNLR _c20120609 |
|
| 852 |
_aNLR _j35/3230 |
||
| 899 | _aРГБ | ||
| 942 | _cBOOK | ||
| 980 | _aNB | ||
| 980 | _aA1SV | ||